00920nas a2200205 a 4500001001000000003000400010005001700014008004100031040003300072043000900105245004000114260006400154300001700218362002600235651003400261942001500295952019800310952018900508999001700697000037152DLC20240917122343.0120220c19469999dr ur1pdd 0 0spa d aDO-SdBNPbspacDO-SdBNPerda anwdr00aBoletin del hospital Padre Billini. aCiudad Trujillo, República Dominicana :bMontalvo,c1946. av. ;c23 cm. avol. 1, No. III, 1946 4aRepública Dominicana910483 2ddccISSUE 00103Préstamo en sala56708SEaPDbPDcNAd2012-04-17e4hvol. 1; No. 3; (1946)i2012041720120417l0ono. 3p37152--1-3-1r2020-08-08w2020-08-08yISSUEzEdición especial: 25 aniversario 00103Préstamo en sala56708SEaPDbPDcNAd2012-04-17e4hvol. 1; (1945)i2012041720120417l0ono. 3p37152-1-1r2020-08-08w2020-08-08yISSUEzEdición especial: 25 aniversario c36642d36642